| 000 | 01408cam a22001934a 4500 | ||
|---|---|---|---|
| 005 | 20250605163927.0 | ||
| 008 | 250528s ||||||||||||||||||||||||d | ||
| 035 | _a14575 | ||
| 020 | _a198523653 | ||
| 040 |
_aGR-AtMCL _bgre _dGR-AtMCL _eAACR2 |
||
| 245 | 1 | _aMaking Sense of Statistics in Psychology / A Second-Level Course | |
| 260 |
_bOxford University Press, _c1996 |
||
| 300 | _a356 | ||
| 520 | _aThis book provides an account of many of the more advanced statistical techniques useful in the analysis of data collected in psychological investigations. Data and Models and a Little History, Graphical Methods of Displaying Data, Analysis of Variance: The One-Way Design, Analysis of Variance: Factorial Designs, Analysis of Variance: Repeated Measures Designs, Simple Linear Regression and Multiple Regression Analysis, The Analysis of Categorical Data: Log-Linear Models and Logistic Regression, An Introduction to the Generalized Linear Model, Distribution-Free and Computer-Intensive Methods, Multivariate Analysis I: The Analysis of Covariances and Correlations, Multivariate Analysis II: Confirmatory Factor Analysis and Covariance Structure Models, Multivariate Analysis III: Cluster Analysis and Discriminant Analysis and Multidimensional Scaling, The Assessment of Reliability, References, Index. | ||
| 700 | 1 |
_aEveritt Brian S _9289 |
|
| 942 | _cBK | ||
| 999 |
_c199 _d199 |
||